<?xml version="1.0" encoding="UTF-8"?>
<record
    xmlns:xsi="http://www.w3.org/2001/XMLSchema-instance"
    xsi:schemaLocation="http://www.loc.gov/MARC21/slim http://www.loc.gov/standards/marcxml/schema/MARC21slim.xsd"
    xmlns="http://www.loc.gov/MARC21/slim">

  <leader>05176nam a2200517 a 4500</leader>
  <controlfield tag="001">dia_394</controlfield>
  <controlfield tag="003">CHAP</controlfield>
  <controlfield tag="005">20250815112220.0</controlfield>
  <controlfield tag="007">ta</controlfield>
  <controlfield tag="008">220117s1999    mx d   frm    001 0 spa d</controlfield>
  <datafield tag="010" ind1=" " ind2=" ">
    <subfield code="a">170946</subfield>
  </datafield>
  <datafield tag="040" ind1=" " ind2=" ">
    <subfield code="c">CHAP</subfield>
    <subfield code="a">mxchpua</subfield>
    <subfield code="e">rda</subfield>
  </datafield>
  <datafield tag="041" ind1="0" ind2=" ">
    <subfield code="a">spa</subfield>
    <subfield code="b">eng</subfield>
  </datafield>
  <datafield tag="090" ind1=" " ind2=" ">
    <subfield code="a">Tesis C33 1999</subfield>
    <subfield code="b">C33 </subfield>
    <subfield code="c">1999</subfield>
  </datafield>
  <datafield tag="100" ind1="1" ind2=" ">
    <subfield code="a">Cabrera Ju&#xE1;rez, Enedina</subfield>
  </datafield>
  <datafield tag="240" ind1="1" ind2="0">
    <subfield code="a">Effect of different mixtures of cow and goat milk as well as calcium chloride in the white and filled cheese.</subfield>
    <subfield code="l">Espa&#xF1;ol</subfield>
  </datafield>
  <datafield tag="245" ind1="1" ind2="0">
    <subfield code="a">Efecto de diferentes mezclas de leche de vaca y cabra, as&#xED; como de cloruro de calcio en la elaboraci&#xF3;n de queso blanco relleno /</subfield>
    <subfield code="c">Enedina Cabrera Ju&#xE1;rez</subfield>
  </datafield>
  <datafield tag="264" ind1=" " ind2=" ">
    <subfield code="a">Chapingo, M&#xE9;xico :</subfield>
    <subfield code="b">El autor,</subfield>
    <subfield code="c">1999</subfield>
  </datafield>
  <datafield tag="300" ind1=" " ind2=" ">
    <subfield code="a">iii, 46 hojas :</subfield>
    <subfield code="b">gr&#xE1;ficas, diagramas, tablas</subfield>
  </datafield>
  <datafield tag="336" ind1=" " ind2=" ">
    <subfield code="2">rdacontent</subfield>
    <subfield code="a">texto</subfield>
    <subfield code="b">txt</subfield>
  </datafield>
  <datafield tag="337" ind1=" " ind2=" ">
    <subfield code="2">rdamedia</subfield>
    <subfield code="a">no mediado</subfield>
    <subfield code="b">n</subfield>
  </datafield>
  <datafield tag="338" ind1=" " ind2=" ">
    <subfield code="2">rdacarrier</subfield>
    <subfield code="a">volumen</subfield>
    <subfield code="b">nc</subfield>
  </datafield>
  <datafield tag="502" ind1=" " ind2=" ">
    <subfield code="a">Tesis </subfield>
    <subfield code="b">(Ingeniero Agroindustrial) -- </subfield>
    <subfield code="c">UACh. Departamento de Ingenier&#xED;a Agroindustrial, </subfield>
    <subfield code="d">1999</subfield>
  </datafield>
  <datafield tag="504" ind1=" " ind2=" ">
    <subfield code="a">Bibliograf&#xED;a: hojas 44-46</subfield>
  </datafield>
  <datafield tag="520" ind1="3" ind2=" ">
    <subfield code="a">La transformaci&#xF3;n tecnol&#xF3;gica de la leche de cabra se ha orientado principalmente a la elaboraci&#xF3;n de queso, en su mayor&#xED;a de tipo fresco, con leche cruda y a nivel artesanal. Por lo general los procesos a peque&#xF1;a escala no incluyen grandes equipos. Actualmente, la industria quesera ha optado por el empleo de sustitutos en la leche para elaborar quesos no genuinos, lo que le permite disminuir los costos de producci&#xF3;n; tal es el caso del queso blanco relleno. Este queso, a base de una mezcla de leche de vaca y cabra, con adici&#xF3;n de grasa vegetal, requiere de un homogeneizador, el cual se sustituy&#xF3; por una licuadora semi industrial. En el estudio se aplic&#xF3; un dise&#xF1;o completamente al azar con arreglo factorial; se trataron diferentes mezclas de leche de vaca y cabra y distintas concentraciones de cloruro de calcio. Se elaboraron quesos de 1 kg, y se compararon sensorialmente con uno comercial. De la comparaci&#xF3;n se hall&#xF3; que entre los tratamientos y el testigo hubo diferencias, pero entre los tratamientos, no. Se seleccionaron 3 tratamientos al azar para determinarles prote&#xED;na, cenizas, humedad y grasa El an&#xE1;lisis bromatol&#xF3;gico revel&#xF3; que no existe diferencia entre los tratamientos, sin embargo, s&#xED; existe entre tratamientos y el testigo. El contenido de prote&#xED;na no es diferente estad&#xED;sticamente entre los tratamientos y el testigo; el de cenizas es menor en los tratamientos; la humedad es mayor en los tratamientos, y el contenido de grasa es menor. Se encontr&#xF3; tambi&#xE9;n que a mayor concentraci&#xF3;n de leche de cabra se pierde m&#xE1;s grasa. Por lo anterior todav&#xED;a no se puede recomendar ning&#xFA;n tratamiento.&#xA0;--</subfield>
  </datafield>
  <datafield tag="520" ind1="3" ind2=" ">
    <subfield code="a">Thechnological transformation of goat milk has mainly been led to the elaboration of cheese, most of the times fresh, with raw milk, and in the handcraft level. The small scale processes do not include large equipment, in general. Recently, the cheese industry has decided to use substitutes in milk in order to make non-genuine cheese, which allows to lower the production cost, this is the case of white filled cheese. This kind of cheese, based upon a mixture of cow and goat milk with and addition of vegetable fat, requires a homogenizer, which in this case was substituted by a semi-industrial blender. In this study it was used a desing at random with factorial adjustment. Diferent mixtures of cow and goat milk and diferent concentrations of calcium chloride were treated. They were made pieces of cheese of 1 kg, and they were compared with a commercial one. Through the comparison it was found that there were differences between the treatments and the Control. but not among the treatmnents. Three treatments were selected at random in order to determine the levels of protein, ashes, water and fat. The chemical analysis reveales that there were not any differences among the treatments, however, there were differences between the treatments and control. The Content of protein is not statistically diferent between the treatments and the control, the content of ashes is lower in the treatments, the water is higher in the treatments, and the content of fat is lower. Is was also found out that, with a higher concentration of goat m1lk, more fat is iost. For this reason, it is not possible to recommend any treatment yet.&#xA0;</subfield>
  </datafield>
  <datafield tag="650" ind1="1" ind2="3">
    <subfield code="a">Cloruro de calcio  </subfield>
    <subfield code="2">atg</subfield>
  </datafield>
  <datafield tag="650" ind1="1" ind2="3">
    <subfield code="a">Fabricaci&#xF3;n de queso  </subfield>
    <subfield code="2">atg</subfield>
  </datafield>
  <datafield tag="650" ind1="1" ind2="3">
    <subfield code="a">Leche  </subfield>
    <subfield code="2">atg</subfield>
  </datafield>
  <datafield tag="650" ind1="1" ind2="3">
    <subfield code="a">Leche de cabra  </subfield>
    <subfield code="2">atg</subfield>
  </datafield>
  <datafield tag="650" ind1="1" ind2="3">
    <subfield code="a">Cheesemaking  </subfield>
    <subfield code="2">atg</subfield>
  </datafield>
  <datafield tag="650" ind1="1" ind2="3">
    <subfield code="a">Calcium chloride  </subfield>
    <subfield code="2">atg</subfield>
  </datafield>
  <datafield tag="650" ind1="1" ind2="3">
    <subfield code="a">Goat milk</subfield>
    <subfield code="2">atg</subfield>
  </datafield>
  <datafield tag="650" ind1="1" ind2="3">
    <subfield code="a">Milk  </subfield>
    <subfield code="2">atg</subfield>
  </datafield>
  <datafield tag="700" ind1="1" ind2=" ">
    <subfield code="a">Hern&#xE1;ndez Montes, Arturo</subfield>
    <subfield code="e">asesor</subfield>
  </datafield>
  <datafield tag="700" ind1="1" ind2=" ">
    <subfield code="a">Mejenes Quijano, Amilcar Ren&#xE1;n</subfield>
    <subfield code="e">asesor</subfield>
  </datafield>
  <datafield tag="700" ind1="1" ind2=" ">
    <subfield code="a">Santos Moreno, Armando</subfield>
    <subfield code="e">director</subfield>
  </datafield>
  <datafield tag="856" ind1="4" ind2="1">
    <subfield code="u">http://10.13.5.2/tesis/1999_CABRERA_JUAREZ_ENEDINA_Tesis.pdf</subfield>
    <subfield code="y">DESCARGAR PDF</subfield>
  </datafield>
  <datafield tag="901" ind1=" " ind2=" ">
    <subfield code="a">TESIS C33 1999</subfield>
  </datafield>
  <datafield tag="902" ind1=" " ind2=" ">
    <subfield code="a">M</subfield>
  </datafield>
  <datafield tag="905" ind1=" " ind2=" ">
    <subfield code="a">5232271999                          mx nm  8223123322spa16</subfield>
  </datafield>
  <datafield tag="942" ind1=" " ind2=" ">
    <subfield code="c">TESIS</subfield>
    <subfield code="2">Clasificaci&#xF3;n Universidad Aut&#xF3;noma Chapingo</subfield>
  </datafield>
  <datafield tag="999" ind1=" " ind2=" ">
    <subfield code="c">170946</subfield>
    <subfield code="d">170946</subfield>
  </datafield>
  <datafield tag="952" ind1=" " ind2=" ">
    <subfield code="0">0</subfield>
    <subfield code="1">0</subfield>
    <subfield code="2">local</subfield>
    <subfield code="4">0</subfield>
    <subfield code="5">5</subfield>
    <subfield code="7">0</subfield>
    <subfield code="8">TESIS</subfield>
    <subfield code="a">IA_</subfield>
    <subfield code="b">IA_</subfield>
    <subfield code="e">El autor</subfield>
    <subfield code="l">0</subfield>
    <subfield code="o">Tesis C33 1999</subfield>
    <subfield code="p">1101003624</subfield>
    <subfield code="r">2026-02-02 00:00:00</subfield>
    <subfield code="t">Ej. 2</subfield>
    <subfield code="y">TESIS</subfield>
  </datafield>
  <datafield tag="952" ind1=" " ind2=" ">
    <subfield code="0">0</subfield>
    <subfield code="1">0</subfield>
    <subfield code="2">local</subfield>
    <subfield code="4">0</subfield>
    <subfield code="5">1</subfield>
    <subfield code="7">0</subfield>
    <subfield code="8">TESIS</subfield>
    <subfield code="a">IA_</subfield>
    <subfield code="b">IA_</subfield>
    <subfield code="e">El autor</subfield>
    <subfield code="l">0</subfield>
    <subfield code="o">Tesis C33 1999</subfield>
    <subfield code="p">1101003623</subfield>
    <subfield code="r">2026-02-02 00:00:00</subfield>
    <subfield code="t">Ej. 1</subfield>
    <subfield code="y">TESIS</subfield>
  </datafield>
  <datafield tag="952" ind1=" " ind2=" ">
    <subfield code="0">0</subfield>
    <subfield code="1">0</subfield>
    <subfield code="2">local</subfield>
    <subfield code="4">0</subfield>
    <subfield code="7">0</subfield>
    <subfield code="8">TesDigL</subfield>
    <subfield code="a">IA_</subfield>
    <subfield code="b">IA_</subfield>
    <subfield code="c">E_L</subfield>
    <subfield code="d">2025-08-15</subfield>
    <subfield code="e">El autor</subfield>
    <subfield code="l">0</subfield>
    <subfield code="p">1201003623</subfield>
    <subfield code="r">2025-08-15 12:27:49</subfield>
    <subfield code="w">2025-08-15</subfield>
    <subfield code="y">TD</subfield>
  </datafield>
</record>
